US State by picture (impossible) - Statistics

General Stats
  • This quiz has been taken 35 times
  • The average score is 12 of 16
Answer Stats
Picture Answer % Correct
California
100%
Florida
100%
Missouri
91%
Arizona
85%
Maine
82%
Hawaii
79%
New Mexico
79%
Vermont
79%
Alaska
74%
North Carolina
71%
Alabama
68%
Indiana
68%
Kentucky
68%
Rhode island
62%
Illinois
59%
Arkansas
56%
No matching quizzes found
Score Distribution
Percent of People with Each Score
Percentile by Number Answered
Your Score History
You have not taken this quiz